[Event "26.Off.Bayer.Senioren-EM 2014"]
[Site "Bergen"]
[Date "2014.06.27"]
[Round "7.38"]
[White "Sandner, Josef"]
[Black "Janzen, Christian"]
[Result "1/2-1/2"]
[WhiteElo "1461"]
[BlackElo "1579"]
[PlyCount "56"]
[EventDate "2014.??.??"]
[WhiteTeam "SG Traunstein/Traunreut e.V."]
[BlackTeam "TSV Marienfelde 1890 e.V."]

1. d4 d5 2. e3 Nf6 3. f4 e6 4. Bd3 Ne4 5. Nf3 Nd7 6. c3 Bd6 7. O-O O-O 8. Bd2
f5 9. Be1 Qe8 10. Ne5 Ndf6 11. Be2 Bd7 12. Rf3 Bb5 13. Rh3 Bxe2 14. Qxe2 Rd8
15. Rh4 Be7 16. Rh3 Rd6 17. g4 fxg4 18. Nxg4 Nxg4 19. Qxg4 Rf6 20. Kh1 Qg6 21.
Qxg6 Rxg6 22. Nd2 Nxd2 23. Bxd2 Rd8 24. Rg1 Rxg1+ 25. Kxg1 Rf8 26. Be1 h6 27.
Kg2 Kh7 28. Bh4 Bxh4 1/2-1/2

[Event "26.Off.Bayer.Senioren-EM 2014"]
[Site "Bergen"]
[Date "2014.06.27"]
[Round "7.39"]
[White "Hartlaub, Marianne"]
[Black "Malik, Heinz"]
[Result "1/2-1/2"]
[WhiteElo "1348"]
[BlackElo "1568"]
[PlyCount "23"]
[EventDate "2014.??.??"]
[WhiteTeam "SK 1982 Klingenberg e.V."]
[BlackTeam "SK Großweil"]

1. Nf3 Nf6 2. c4 g6 3. Nc3 Bg7 4. g3 d6 5. b3 O-O 6. Bb2 Nbd7 7. d4 c5 8. Bg2
e5 9. dxe5 dxe5 10. O-O Qe7 11. Qc2 Rd8 12. Rfd1 1/2-1/2

[Event "26.Off.Bayer.Senioren-EM 2014"]
[Site "Bergen"]
[Date "2014.06.27"]
[Round "7.40"]
[White "Jurgan, Brigitte"]
[Black "Garms, Ilse"]
[Result "0-1"]
[WhiteElo "1225"]
[BlackElo "1532"]
[PlyCount "96"]
[EventDate "2014.??.??"]
[WhiteTeam "SF Bad Reichenhall"]
[BlackTeam "ESV 1949 Eberswalde e.V."]

1. d4 d5 2. Nf3 e6 3. g3 c5 4. c3 Nd7 5. Bg2 Ngf6 6. Bg5 Qb6 7. Qb3 cxd4 8.
Qxb6 axb6 9. Nxd4 Be7 10. Bxf6 Bxf6 11. e3 Nc5 12. O-O Bd7 13. b3 O-O 14. Nd2
Bc6 15. Rfc1 Rfc8 16. Rc2 b5 17. Rac1 Nd3 18. Rb1 Bd7 19. Bf1 Bxd4 20. exd4 Nb4
21. Rbb2 Nxc2 22. Rxc2 g6 23. b4 Ra7 24. Nb3 b6 25. Nc1 Ra3 26. Ne2 g5 27. Bh3
Kg7 28. Kf1 f5 29. Bg2 Kf6 30. Ke1 Rca8 31. Nc1 R3a7 32. Kd2 Bc6 33. Ke3 Be8
34. Bf1 Bg6 35. f4 Be8 36. h3 Rg7 37. Rg2 Ra3 38. Kd3 Rc7 39. Nb3 h5 40. Rc2 h4
41. fxg5+ Kxg5 42. gxh4+ Kxh4 43. Rf2 Rg7 44. Kc2 Rxa2+ 45. Kd1 Rxf2 46. Ke1
Rb2 47. Nd2 Rc2 48. Nb1 Rc1+ 0-1

[Event "26.Off.Bayer.Senioren-EM 2014"]
[Site "Bergen"]
[Date "2014.06.27"]
[Round "7.41"]
[White "Jagdhuber, Hans"]
[Black "Klueber, Werner"]
[Result "1-0"]
[WhiteElo "1876"]
[BlackElo "1769"]
[PlyCount "67"]
[EventDate "2014.??.??"]
[WhiteTeam "SK Keres-Augsburg 1980"]
[BlackTeam "SC Prichsenstadt"]

1. c4 Nf6 2. g3 e6 3. Bg2 c5 4. Nf3 Be7 5. O-O Qc7 6. b3 d6 7. Nc3 a6 8. d4
cxd4 9. Nxd4 O-O 10. Bb2 Nbd7 11. Rc1 Re8 12. Qd2 Ne5 13. Rfd1 Bd7 14. e4 Rad8
15. h3 Bf8 16. f4 Ng6 17. Kh2 e5 18. Nde2 exf4 19. Nxf4 Bc6 20. Nfd5 Nxd5 21.
cxd5 Bd7 22. Na4 Qb8 23. Nb6 Ne5 24. Rc2 Bb5 25. a4 Nd7 26. Bd4 Nxb6 27. Bxb6
Bd7 28. Bxd8 Rxd8 29. Rdc1 g6 30. Qe3 Bg7 31. Rc7 b5 32. a5 Bb2 33. R1c2 Ba3
34. Qa7 1-0

[Event "26.Off.Bayer.Senioren-EM 2014"]
[Site "Bergen"]
[Date "2014.06.27"]
[Round "7.42"]
[White "Moderegger, Ludwig"]
[Black "Nieswandt, Joseph"]
[Result "1-0"]
[WhiteElo "1528"]
[BlackElo "1443"]
[PlyCount "109"]
[EventDate "2014.??.??"]
[WhiteTeam "SF Bad Reichenhall"]
[BlackTeam "SC Wangen"]

1. d4 d5 2. Nf3 c6 3. e3 Nf6 4. c4 Bg4 5. Nc3 e6 6. Be2 Bxf3 7. gxf3 Bd6 8. Bd2
Nbd7 9. Qc2 Qc7 10. O-O-O O-O-O 11. c5 Bxh2 12. f4 Bxf4 13. exf4 h5 14. Rh3 Nf8
15. Rdh1 g6 16. Bf3 N6d7 17. b4 a6 18. a4 b6 19. Be2 Kb7 20. Qb3 Ra8 21. Kc2 f5
22. Rb1 h4 23. b5 axb5 24. axb5 Kc8 25. bxc6 Qxc6 26. Bb5 Qb7 27. c6 Qc7 28.
cxd7+ Nxd7 29. Bxd7+ Kxd7 30. Qb5+ Qc6 31. Qxb6 Ra2+ 32. Kd1 Ra6 33. Qxc6+ Rxc6
34. Ke2 Kc8 35. Rbh1 Rc4 36. Kd3 g5 37. fxg5 e5 38. dxe5 Rg4 39. Nxd5 Rd8 40.
Bc3 Rxd5+ 41. Kc2 Rxg5 42. Rxh4 Rg2 43. R1h2 Rg6 44. Rf4 Rg5 45. Rh3 Rc5 46.
Rhf3 Kd7 47. Rxf5 Rxf5 48. Rxf5 Ke6 49. Rh5 Rc8 50. Kb3 Rf8 51. Bd4 Rf3+ 52.
Be3 Rf5 53. Rxf5 Kxf5 54. Bd4 Ke6 55. Kc4 1-0

[Event "26.Off.Bayer.Senioren-EM 2014"]
[Site "Bergen"]
[Date "2014.06.27"]
[Round "7.43"]
[White "Siegl, Wolfgang"]
[Black "Huetter, Heinz"]
[Result "1-0"]
[WhiteElo "1522"]
[BlackElo "1438"]
[PlyCount "115"]
[EventDate "2014.??.??"]
[WhiteTeam "SK 1926 Nördlingen-Ries"]
[BlackTeam "SC Eichenau"]

1. Nf3 Nf6 2. g3 c6 3. Bg2 g6 4. O-O Bg7 5. d3 d6 6. h3 O-O 7. Nbd2 a6 8. Rb1
Nbd7 9. b4 Qc7 10. c4 Rb8 11. a4 b5 12. a5 e6 13. Nd4 Bb7 14. Qb3 Ne8 15. Bb2
c5 16. Nc2 Bxg2 17. Kxg2 cxb4 18. Nxb4 Nc5 19. Qa3 Bxb2 20. Rxb2 Na4 21. Rc2
Nc5 22. f3 Qb7 23. Rb1 Nc7 24. d4 Nd7 25. Ne4 d5 26. Nd6 Qa8 27. c5 Ne8 28.
Nxe8 Rfxe8 29. c6 Nf6 30. c7 Rbc8 31. Rc6 Qa7 32. Qc3 Re7 33. Nxa6 Ne8 34. Rc1
Rd7 35. Kf1 Nd6 36. Qc5 Qxc5 37. R1xc5 Ne8 38. Ke1 Rd6 39. Kd2 Rxc6 40. Rxc6
Kf8 41. Kc3 Ke7 42. Kb4 Nd6 43. Nc5 Ne8 44. Kxb5 Rxc7 45. Rxc7+ Nxc7+ 46. Kb6
Kd8 47. a6 Kc8 48. h4 Na8+ 49. Kc6 Kb8 50. g4 Ka7 51. g5 Nb6 52. e4 dxe4 53.
fxe4 Nc8 54. Kd7 Nb6+ 55. Ke7 Nc4 56. Kxf7 e5 57. d5 Nd6+ 58. Kg7 1-0

[Event "26.Off.Bayer.Senioren-EM 2014"]
[Site "Bergen"]
[Date "2014.06.27"]
[Round "7.44"]
[White "Wolfram, Gisbert"]
[Black "Borkenhagen, Bernd"]
[Result "1-0"]
[WhiteElo "1637"]
[BlackElo "1391"]
[PlyCount "61"]
[EventDate "2014.??.??"]
[WhiteTeam "SU Ebersberg-Grafing"]
[BlackTeam "SK Rinteln"]

1. Nf3 d6 2. g3 e5 3. d3 c6 4. Bg2 Be7 5. e4 Bg4 6. Nbd2 Nf6 7. O-O O-O 8. h3
Bxf3 9. Nxf3 h6 10. Qe2 Nh7 11. h4 Bf6 12. Re1 Qc7 13. Nh2 Nd7 14. Ng4 Kh8 15.
Nxf6 Ndxf6 16. f4 exf4 17. Bxf4 Rae8 18. Kh2 g5 19. hxg5 hxg5 20. Be3 b6 21.
Rh1 Kg7 22. Qf2 Rh8 23. Kg1 g4 24. Bd4 Qd8 25. Rf1 Re6 26. Qf4 Kf8 27. Rxh7
Rxh7 28. Bxf6 Rxf6 29. Qxf6 Qxf6 30. Rxf6 Ke7 31. Rf4 1-0

[Event "26.Off.Bayer.Senioren-EM 2014"]
[Site "Bergen"]
[Date "2014.06.27"]
[Round "7.45"]
[White "Malik, Rosemarie"]
[Black "Kunert, Helmut"]
[Result "0-1"]
[WhiteElo "1327"]
[BlackElo "1491"]
[PlyCount "94"]
[EventDate "2014.??.??"]
[WhiteTeam "SK Großweil"]
[BlackTeam "SF Bad Reichenhall"]

1. e4 c5 2. Nf3 Nc6 3. d4 cxd4 4. Nxd4 e5 5. Nb3 Nf6 6. Bd3 Be7 7. O-O O-O 8.
Nc3 a6 9. Nd5 Nb4 10. Nxf6+ Bxf6 11. Be3 d6 12. a3 Nc6 13. Qf3 Ne7 14. Rad1 Be6
15. Nc1 Qc8 16. Qe2 Ng6 17. f3 Qc7 18. Qd2 Rfd8 19. Ne2 Rac8 20. Qb4 b5 21. Qe1
Bh4 22. Bf2 Bf6 23. Be3 Rb8 24. Bf2 Bc4 25. Qc3 Rbc8 26. g3 Qb7 27. Rde1 Bg5
28. Rd1 Be6 29. Qb4 Qc7 30. h4 Be7 31. Qd2 d5 32. Qc3 d4 33. Qxc7 Rxc7 34. Kg2
Rdc8 35. Rc1 Bc4 36. Rcd1 Bxd3 37. cxd3 Rc2 38. Rc1 Rxc1 39. Rxc1 Rxc1 40. Nxc1
Nf8 41. h5 Bg5 42. Nb3 Ne6 43. Be1 g6 44. hxg6 hxg6 45. Bd2 Bxd2 46. Nxd2 Nc5
47. Nb1 Nxd3 0-1

[Event "26.Off.Bayer.Senioren-EM 2014"]
[Site "Bergen"]
[Date "2014.06.27"]
[Round "7.46"]
[White "Ewald, Frithjof"]
[Black "Rudek, Gerald"]
[Result "0-1"]
[WhiteElo "1355"]
[BlackElo "1394"]
[PlyCount "48"]
[EventDate "2014.??.??"]
[WhiteTeam "SF Bad Reichenhall"]
[BlackTeam "SC Feuchtwangen 1911 e.V."]

1. e4 Nf6 2. Nc3 e5 3. Bc4 Bb4 4. d3 Nc6 5. a3 Be7 6. Nf3 d6 7. Be3 O-O 8. h3
a6 9. a4 Bd7 10. Ne2 h6 11. O-O Qc8 12. Kh2 Be6 13. Qd2 Kh7 14. Nfg1 d5 15.
exd5 Nxd5 16. Bxd5 Bxd5 17. f4 Be6 18. c3 f6 19. Ng3 exf4 20. Bxf4 g5 21. Be3
f5 22. N3e2 f4 23. Bd4 Bd6 24. Nf3 g4 0-1

[Event "26.Off.Bayer.Senioren-EM 2014"]
[Site "Bergen"]
[Date "2014.06.27"]
[Round "7.47"]
[White "Walther, Renate"]
[Black "Wilfert, Eva-Maria"]
[Result "0-1"]
[WhiteElo "818"]
[BlackElo "1414"]
[PlyCount "81"]
[EventDate "2014.??.??"]
[WhiteTeam "SK 1911 Herzogenaurach e.V."]
[BlackTeam "PTSV SK Hof 1892"]

1. e4 d5 2. exd5 Qxd5 3. Nc3 Qa5 4. d4 c6 5. Nf3 Bg4 6. h3 Bh5 7. g4 Bg6 8. Be3
Nf6 9. Bd3 Bxd3 10. Qxd3 Nd5 11. O-O e6 12. Bd2 Qd8 13. Rfe1 Be7 14. Kf1 Na6
15. Nxd5 exd5 16. Re3 Nc7 17. Rae1 Ne6 18. Re5 O-O 19. c3 Re8 20. g5 g6 21. h4
Qd7 22. h5 Bd6 23. hxg6 hxg6 24. R5e2 Bf4 25. Bxf4 Nxf4 26. Qd2 Nxe2 27. Ne5
Qh3+ 28. Kxe2 Qf5 29. Kd1 Rad8 30. f4 f6 31. gxf6 Qxf6 32. Rg1 Rxe5 33. dxe5
Qf5 34. Kc1 Rd7 35. Re1 Rf7 36. e6 Re7 37. c4 Rxe6 38. Rxe6 Qxe6 39. Qd4 a6 40.
Qe5 Qxe5 41. fxe5 0-1

[Event "26.Off.Bayer.Senioren-EM 2014"]
[Site "Bergen"]
[Date "2014.06.28"]
[Round "8.1"]
[White "Goy, Udo"]
[Black "Koller, Hubert"]
[Result "1-0"]
[WhiteElo "2032"]
[BlackElo "2089"]
[PlyCount "27"]
[EventDate "2014.??.??"]
[WhiteTeam "Ford Schachfreunde Köln e.V."]
[BlackTeam "Mostarriche/Ypps"]

1. d4 Nf6 2. c4 d6 3. Nf3 Bf5 4. Nc3 h6 5. e3 c6 6. Be2 Nbd7 7. O-O e5 8. b3
Be7 9. c5 Qc7 10. cxd6 Bxd6 11. dxe5 Nxe5 12. Nd4 Bg4 13. Ndb5 Bxe2 14. Nxc7+
1-0

[Event "26.Off.Bayer.Senioren-EM 2014"]
[Site "Bergen"]
[Date "2014.06.28"]
[Round "8.2"]
[White "Roeder, Frank"]
[Black "Gerl, Hans"]
[Result "1-0"]
[WhiteElo "2184"]
[BlackElo "1917"]
[PlyCount "59"]
[EventDate "2014.??.??"]
[WhiteTeam "SV Altensittenbach"]
[BlackTeam "SK Zirndorf e.V."]

1. e4 c5 2. c3 Nf6 3. e5 Nd5 4. d4 cxd4 5. cxd4 e6 6. Nc3 Nxc3 7. bxc3 d6 8. f4
Qc7 9. Bd2 Be7 10. Nf3 b6 11. Bd3 Bb7 12. O-O Nd7 13. f5 exf5 14. Bxf5 O-O 15.
Ng5 g6 16. e6 Bxg5 17. Bxg5 fxe6 18. Bxe6+ Kh8 19. Qg4 Bc6 20. Qh4 Rae8 21. Qh6
Qb8 22. Bxd7 Bxd7 23. Bf6+ Rxf6 24. Rxf6 Kg8 25. Raf1 Bf5 26. Qg5 Bd3 27. Rf7
Bc4 28. d5 Re1 29. Rxe1 Kxf7 30. Qf4+ 1-0

[Event "26.Off.Bayer.Senioren-EM 2014"]
[Site "Bergen"]
[Date "2014.06.28"]
[Round "8.3"]
[White "Schmidt, Gerhard"]
[Black "Urytskyy, Arkadiy"]
[Result "1/2-1/2"]
[WhiteElo "2152"]
[BlackElo "2084"]
[PlyCount "71"]
[EventDate "2014.??.??"]
[WhiteTeam "Schachclub Unterhaching e.V."]
[BlackTeam "TSV Bindlach Aktionär-Schachabte"]

1. d4 Nf6 2. c4 g6 3. Nc3 Bg7 4. Nf3 O-O 5. Bg5 d6 6. h3 Nbd7 7. e3 c6 8. Be2
e5 9. O-O Qa5 10. Qd2 Re8 11. Rab1 exd4 12. exd4 Nf8 13. Bd3 Ne6 14. b4 Qc7 15.
Be3 Nh5 16. Rfc1 f5 17. Ne2 f4 18. Nxf4 Nexf4 19. Bxf4 Rf8 20. Bh2 Bxh3 21. Ng5
Bf5 22. Bxf5 Rxf5 23. g4 Rxg5 24. Qxg5 Bf6 25. Qe3 Ng7 26. d5 Qd7 27. Qf4 Rf8
28. Qe4 Re8 29. Qg2 Bd4 30. Re1 Rf8 31. Re2 c5 32. b5 Rf7 33. Rd1 h6 34. Rd3
Kh7 35. Rxd4 cxd4 36. Rd2 1/2-1/2

[Event "26.Off.Bayer.Senioren-EM 2014"]
[Site "Bergen"]
[Date "2014.06.28"]
[Round "8.4"]
[White "Roeder, Gerd"]
[Black "Daeubler, Heinrich"]
[Result "0-1"]
[WhiteElo "2016"]
[BlackElo "2044"]
[PlyCount "124"]
[EventDate "2014.??.??"]
[WhiteTeam "SV Altensittenbach"]
[BlackTeam "Schachclub Haselmühl"]

1. e4 e5 2. Nc3 Nf6 3. f4 d5 4. fxe5 Nxe4 5. Nf3 Bc5 6. d4 Bb4 7. Bd2 Bg4 8.
Bd3 Bxf3 9. Qxf3 Qh4+ 10. g3 Nxd2 11. Kxd2 Qxd4 12. a3 Bxc3+ 13. bxc3 Qc5 14.
Rhf1 O-O 15. Qh5 g6 16. Qh6 Nc6 17. Rae1 Rfe8 18. Rxf7 Kxf7 19. Qxh7+ Ke6 20.
Qxg6+ Kd7 21. e6+ Kd8 22. e7+ Nxe7 23. Qf7 Qd6 24. h4 Qh6+ 25. Kd1 Qf8 26. Qe6
Nc6 27. Qxd5+ Kc8 28. Rf1 Qxa3 29. Kd2 Qe7 30. h5 a5 31. Kc1 Kb8 32. Kb2 Qd6
33. Qxd6 cxd6 34. h6 Ne5 35. Bf5 Kc7 36. g4 Nc4+ 37. Ka2 Ne3 38. Rf3 Nxf5 39.
Rxf5 Rg8 40. g5 Kc6 41. c4 b6 42. Kb3 Rg6 43. Kc3 Rag8 44. Kb2 a4 45. Ka2 a3
46. Rb5 Rf8 47. Kxa3 Rf3+ 48. Kb4 Rg3 49. Rf5 Rh3 50. c3 Rh5 51. Kb3 Rgxg5 52.
Rf6 Rg2 53. Kb4 Rgh2 54. Rf8 Rxh6 55. Rc8+ Kb7 56. Rf8 Rb2+ 57. Ka3 Rhh2 58. c5
bxc5 59. c4 Rb6 60. Rf1 Kc6 61. Rf7 Rhb2 62. Ka4 Ra2# 0-1

[Event "26.Off.Bayer.Senioren-EM 2014"]
[Site "Bergen"]
[Date "2014.06.28"]
[Round "8.5"]
[White "Selig, Rainer"]
[Black "Duerr, Rainer"]
[Result "1-0"]
[WhiteElo "1966"]
[BlackElo "1861"]
[PlyCount "129"]
[EventDate "2014.??.??"]
[WhiteTeam "Spielver. Ebersbach/SA."]
[BlackTeam "SC Prien"]

1. d4 d5 2. Nf3 Nf6 3. e3 Bf5 4. c4 c6 5. Nc3 e6 6. Be2 Nbd7 7. O-O h6 8. Bd2
Be7 9. h3 O-O 10. Rc1 Ne4 11. Be1 Nxc3 12. Bxc3 Nf6 13. Qa4 Ne4 14. Bb4 Bxb4
15. Qxb4 Qb6 16. Qa3 a5 17. Rfd1 Qd8 18. Bd3 Bh7 19. Qb3 Qe7 20. Qc2 Nf6 21.
Ne5 Bxd3 22. Rxd3 Nd7 23. Nf3 Rfd8 24. Rb3 Nf6 25. Ne5 Qc7 26. c5 Ra6 27. f4
Ne4 28. Kh2 f6 29. Ng4 Qf7 30. Nf2 Nxf2 31. Qxf2 f5 32. Qh4 Rd7 33. g4 Qe7 34.
Qg3 Kh8 35. Rg1 Qf7 36. g5 g6 37. gxh6 Kh7 38. Qg5 Ra8 39. h4 Rg8 40. Ra3 Qf8
41. Rxa5 Qxh6 42. Qxh6+ Kxh6 43. Ra7 Kg7 44. Kg3 Kf6 45. Kf3 Rh8 46. Rh1 Rh6
47. Ke2 Ke7 48. a4 Kd8 49. Ra8+ Kc7 50. Re8 Rdh7 51. Rxe6 Rxh4 52. Rxh4 Rxh4
53. Kd3 Rg4 54. Re7+ Kb8 55. Kc3 Ka7 56. b4 Rg1 57. b5 cxb5 58. axb5 Kb8 59. b6
Kc8 60. Re5 Rg3 61. Kd3 g5 62. Rxf5 gxf4 63. Rxf4 Rg8 64. Rf7 Rd8 65. Ke2 1-0

[Event "26.Off.Bayer.Senioren-EM 2014"]
[Site "Bergen"]
[Date "2014.06.28"]
[Round "8.6"]
[White "Neubauer, Jaroslaus"]
[Black "Pidtoptanyy, Igor"]
[Result "1/2-1/2"]
[WhiteElo "1889"]
[BlackElo "1821"]
[PlyCount "91"]
[EventDate "2014.??.??"]
[WhiteTeam "Schachklub Schweinfurt 2000 e.V."]
[BlackTeam "SW Nürnberg Süd e.V."]

1. e4 e5 2. Nf3 Nc6 3. Bc4 Be7 4. Nc3 Nf6 5. d3 d6 6. Bg5 O-O 7. h3 Na5 8. Bb3
Nxb3 9. axb3 Bd7 10. O-O Bc6 11. Qe2 Nd7 12. Bxe7 Qxe7 13. d4 b6 14. d5 Bb7 15.
Nb5 Nc5 16. Nxa7 f5 17. exf5 Bxd5 18. b4 Nd7 19. g4 Qf7 20. b3 g6 21. Nh4 Qf6
22. Qd3 Bf7 23. Qg3 g5 24. Ng2 d5 25. Qc3 c5 26. bxc5 bxc5 27. Ra5 d4 28. Qd2
e4 29. Rfa1 Ne5 30. Ne1 Nd7 31. Ra6 e3 32. fxe3 Qe5 33. Nf3 Qg3+ 34. Qg2 Qxg2+
35. Kxg2 dxe3 36. Nxg5 Bd5+ 37. Kg3 Rf6 38. Rxf6 Nxf6 39. c4 Bb7 40. Kh2 h6 41.
Ne6 e2 42. Re1 Rxa7 43. Rxe2 Ne4 44. h4 Ra3 45. g5 Rxb3 46. gxh6 1/2-1/2

[Event "26.Off.Bayer.Senioren-EM 2014"]
[Site "Bergen"]
[Date "2014.06.28"]
[Round "8.7"]
[White "Baumgartner, Andreas"]
[Black "Walther, Reinhard"]
[Result "1/2-1/2"]
[WhiteElo "1618"]
[BlackElo "1885"]
[PlyCount "83"]
[EventDate "2014.??.??"]
[WhiteTeam "ASV J'Adoube Grassau SAB"]
[BlackTeam "SK 1911 Herzogenaurach e.V."]

1. d4 g6 2. c4 Bg7 3. Nc3 d6 4. e4 c5 5. dxc5 Qa5 6. Qc2 Qxc5 7. Be3 Qc6 8. Nf3
Na6 9. a3 Bd7 10. Bd3 Nc5 11. O-O Nxd3 12. Qxd3 Nf6 13. h3 O-O 14. Rad1 Be6 15.
Nd5 Qd7 16. b3 Nh5 17. Ng5 h6 18. Nxe6 fxe6 19. Nc3 Kh7 20. Kh2 a6 21. Bd4 Nf4
22. Qd2 e5 23. Be3 Nxh3 24. f3 Nf4 25. Bxf4 Rxf4 26. Nd5 Rh4+ 27. Kg3 Rh5 28.
Nb6 Qd8 29. Nxa8 Qxa8 30. Rh1 Rxh1 31. Rxh1 h5 32. Kf2 Bh6 33. Qd3 Qc8 34. Qd5
Kg7 35. g3 Qc7 36. b4 b6 37. g4 hxg4 38. fxg4 Qd7 39. Rg1 Bf4 40. Kf3 Qa4 41.
Qd3 Qc6 42. Qd5 1/2-1/2

[Event "26.Off.Bayer.Senioren-EM 2014"]
[Site "Bergen"]
[Date "2014.06.28"]
[Round "8.9"]
[White "Glueck, Josef"]
[Black "Boldt, Heinrich"]
[Result "1-0"]
[WhiteElo "1899"]
[BlackElo "1701"]
[PlyCount "69"]
[EventDate "2014.??.??"]
[WhiteTeam "SG Traunstein/Traunreut e.V."]
[BlackTeam "TSV Kareth-Lappersdorf"]

1. Nf3 Nf6 2. c4 c5 3. Nc3 Nc6 4. d4 cxd4 5. Nxd4 g6 6. e4 Bg7 7. Be3 d6 8. Be2
O-O 9. O-O Bd7 10. Qd2 Ng4 11. Bxg4 Bxg4 12. f3 Bxd4 13. Bxd4 Nxd4 14. Qxd4 Be6
15. Rac1 Qa5 16. Rfd1 Rac8 17. b3 Qc5 18. h4 h5 19. Kf1 Qxd4 20. Rxd4 a6 21. a4
f5 22. Re1 Rf6 23. e5 dxe5 24. Rxe5 Kf7 25. Kf2 Ke8 26. Ke3 Rd8 27. f4 Rd7 28.
b4 Bf7 29. c5 Rc6 30. b5 Rf6 31. Rxd7 Kxd7 32. Nd5 Bxd5 33. Rxd5+ Kc7 34. Kd4
axb5 35. axb5 1-0

[Event "26.Off.Bayer.Senioren-EM 2014"]
[Site "Bergen"]
[Date "2014.06.28"]
[Round "8.10"]
[White "Appel, Juergen"]
[Black "Kochseder, Georg"]
[Result "1/2-1/2"]
[WhiteElo "1650"]
[BlackElo "1892"]
[PlyCount "21"]
[EventDate "2014.??.??"]
[WhiteTeam "Zwickauer Schachclub"]
[BlackTeam "TV 1890 Hallstadt"]

1. d4 d5 2. Nf3 Nf6 3. e3 e6 4. Be2 Be7 5. O-O O-O 6. Nbd2 Nbd7 7. h3 h6 8. a3
a6 9. b3 b6 10. Bb2 Bb7 11. Re1 1/2-1/2

[Event "26.Off.Bayer.Senioren-EM 2014"]
[Site "Bergen"]
[Date "2014.06.28"]
[Round "8.11"]
[White "Mahrla, Hans"]
[Black "Simin, Vladimir"]
[Result "1/2-1/2"]
[WhiteElo "1626"]
[BlackElo "1883"]
[PlyCount "91"]
[EventDate "2014.??.??"]
[WhiteTeam "SC Eichenau"]
[BlackTeam "FC Ergolding 1932 e.V."]

1. e4 c5 2. f4 Nc6 3. Nf3 g6 4. c3 e6 5. d4 d5 6. e5 Qb6 7. Qb3 Nge7 8. Qxb6
axb6 9. Bd3 Bd7 10. a3 Na5 11. Nbd2 Nf5 12. Kf2 h5 13. g3 Be7 14. Bc2 f6 15.
Bxf5 gxf5 16. exf6 Bxf6 17. Ne5 Bxe5 18. fxe5 cxd4 19. cxd4 b5 20. b4 Nc4 21.
Nf3 Ke7 22. Bg5+ Kf7 23. Be3 Rhc8 24. Rhd1 Nb6 25. Bd2 Ra7 26. Bc1 Raa8 27. Ke2
Rg8 28. Rd3 Rgc8 29. Bd2 Rc4 30. Rc3 Na4 31. Rcc1 Rac8 32. Kd3 Be8 33. Bf4 Ke7
34. Bg5+ Kf7 35. Bf4 Nb6 36. Ne1 Bd7 37. Rc2 Rg8 38. Nf3 Ra8 39. Nd2 Rxc2 40.
Kxc2 Rc8+ 41. Kd3 Na4 42. Nb1 Rc4 43. Ra2 Nb6 44. Rc2 Na4 45. Nd2 Rxc2 46. Kxc2
1/2-1/2

[Event "26.Off.Bayer.Senioren-EM 2014"]
[Site "Bergen"]
[Date "2014.06.28"]
[Round "8.12"]
[White "Miskevicer, Boris"]
[Black "Neumeister, Herbert"]
[Result "1-0"]
[WhiteElo "2079"]
[BlackElo "1716"]
[PlyCount "27"]
[EventDate "2014.??.??"]
[WhiteTeam "SG Schwabing München Nord e.V."]
[BlackTeam "Schachvereinigung Düren 13 Deric"]

1. d4 f5 2. e4 fxe4 3. Nc3 Nf6 4. f3 exf3 5. Nxf3 e6 6. Bd3 c5 7. O-O d5 8. Ng5
Be7 9. Bxh7 Qb6 10. Bg6+ Kd7 11. Nxe6 Kc6 12. Na4 Qb5 13. Naxc5 Nbd7 14. a4 1-0

[Event "26.Off.Bayer.Senioren-EM 2014"]
[Site "Bergen"]
[Date "2014.06.28"]
[Round "8.13"]
[White "Rueckleben, Hermann"]
[Black "Abel, Hans-Peter"]
[Result "1-0"]
[WhiteElo "1876"]
[BlackElo "1715"]
[PlyCount "83"]
[EventDate "2014.??.??"]
[WhiteTeam "SF Baden-Lichtental"]
[BlackTeam "SC Leinfelden"]

1. c4 g6 2. g3 Bg7 3. Bg2 e5 4. Nc3 Nc6 5. e4 d6 6. Nge2 Nf6 7. O-O O-O 8. f4
exf4 9. gxf4 Bg4 10. h3 Bh5 11. d4 Nd7 12. Be3 Ne7 13. Qd2 Bxe2 14. Qxe2 f5 15.
e5 dxe5 16. dxe5 c6 17. Rad1 Qc7 18. Rd2 Rad8 19. Rfd1 Nb6 20. b3 Rfe8 21. Bc5
Nec8 22. Qf2 Rd7 23. Bb4 Red8 24. Ba5 Rxd2 25. Rxd2 Rxd2 26. Qxd2 Nxc4 27. Bd5+
cxd5 28. Qxd5+ Qf7 29. bxc4 Qxd5 30. Nxd5 Kf7 31. Kf2 g5 32. Kf3 h5 33. e6+
Kxe6 34. fxg5 Be5 35. Bb4 b5 36. Ne3 f4 37. Nd5 bxc4 38. Nxf4+ Kf5 39. Nxh5
Kxg5 40. Ng3 Nd6 41. Bxd6 Bxd6 42. Ne4+ 1-0

[Event "26.Off.Bayer.Senioren-EM 2014"]
[Site "Bergen"]
[Date "2014.06.28"]
[Round "8.14"]
[White "Krafzik, Joachim"]
[Black "Koenigl, Anton"]
[Result "1/2-1/2"]
[WhiteElo "1819"]
[BlackElo "1696"]
[PlyCount "110"]
[EventDate "2014.??.??"]
[WhiteTeam "SC Haar 1931"]
[BlackTeam "FC Ergolding 1932 e.V."]

1. b4 e5 2. Bb2 d6 3. e3 Be6 4. c4 Nf6 5. Nc3 Nbd7 6. Nf3 Be7 7. d4 Bg4 8. Be2
O-O 9. O-O a5 10. b5 Re8 11. h3 Bxf3 12. Bxf3 Qc8 13. Rc1 Rb8 14. Nd5 Bf8 15.
Qc2 e4 16. Be2 b6 17. Nc3 Qb7 18. d5 Qc8 19. Rfd1 Qd8 20. Bf1 Qe7 21. Ne2 g6
22. Nd4 Ne5 23. Re1 Ra8 24. f4 exf3 25. gxf3 Nh5 26. f4 Nd7 27. Ba3 Qh4 28. Qf2
Qg3+ 29. Qxg3 Nxg3 30. Bd3 Nf6 31. Kf2 Nge4+ 32. Kg2 Bg7 33. Bb2 Nc5 34. Bb1
Nfe4 35. Re2 Na4 36. Ba1 Nac5 37. Kf3 f5 38. Bc2 Nf6 39. Nc6 Nfe4 40. Bxg7 Kxg7
41. Bb1 Kf7 42. Rg1 Nc3 43. Rc2 Nxb1 44. Rxb1 Re4 45. Re1 Rae8 46. Ree2 Kf6 47.
h4 Nd3 48. Nd4 Nc5 49. Rc3 Na4 50. Ra3 Nc5 51. Rc3 Kf7 52. Rg2 Kf6 53. h5 R8e7
54. hxg6 hxg6 55. Rh2 Rg7 1/2-1/2

[Event "26.Off.Bayer.Senioren-EM 2014"]
[Site "Bergen"]
[Date "2014.06.28"]
[Round "8.15"]
[White "Klein, Reinhard"]
[Black "Walch, Roger"]
[Result "0-1"]
[WhiteElo "1803"]
[BlackElo "1681"]
[PlyCount "62"]
[EventDate "2014.??.??"]
[WhiteTeam "Münchener SC 1836 e.V."]
[BlackTeam "SW Nürnberg Süd e.V."]

1. d4 Nf6 2. Nf3 c5 3. d5 e6 4. dxe6 fxe6 5. Bf4 Nc6 6. Nc3 d5 7. e3 a6 8. a4
Be7 9. Ne5 O-O 10. g4 d4 11. Nxc6 bxc6 12. g5 Nd5 13. Nxd5 Qxd5 14. Rg1 e5 15.
Bg2 Qe6 16. Bg3 dxe3 17. fxe3 Bxg5 18. Qe2 a5 19. c4 Ba6 20. Rc1 Rab8 21. h4
Bh6 22. Rf1 Rxf1+ 23. Bxf1 Rb3 24. Bf2 Qf5 25. Bg2 e4 26. Qc2 Rd3 27. Rd1 Bxe3
28. Bg3 Qg4 29. Bxe4 Qxg3+ 30. Ke2 Rxd1 31. Kxd1 Qg1+ 0-1

[Event "26.Off.Bayer.Senioren-EM 2014"]
[Site "Bergen"]
[Date "2014.06.28"]
[Round "8.16"]
[White "Klueber, Werner"]
[Black "Stadler, Lothar"]
[Result "1-0"]
[WhiteElo "1769"]
[BlackElo "1674"]
[PlyCount "61"]
[EventDate "2014.??.??"]
[WhiteTeam "SC Prichsenstadt"]
[BlackTeam "SAbt SV Weiss-BL.Allianz"]

1. d4 Nf6 2. c4 e6 3. Nc3 d5 4. Nf3 c6 5. cxd5 exd5 6. Bg5 Be7 7. e3 O-O 8. Bd3
h6 9. Bh4 Bg4 10. Qc2 a5 11. Ne5 Be6 12. O-O Nbd7 13. f4 Nxe5 14. fxe5 Ng4 15.
Bxe7 Qxe7 16. Rf3 h5 17. h3 Nh6 18. Qf2 g5 19. Rf6 Kg7 20. Qg3 g4 21. Qh4 Bf5
22. Qg5+ Bg6 23. Rxg6+ fxg6 24. Qxe7+ Rf7 25. Qg5 Nf5 26. hxg4 hxg4 27. Qxg4
Re8 28. Bxf5 Rxf5 29. Rf1 Rh5 30. Rf6 Rh6 31. Qd7+ 1-0

[Event "26.Off.Bayer.Senioren-EM 2014"]
[Site "Bergen"]
[Date "2014.06.28"]
[Round "8.17"]
[White "Scheuerlein, Gerhard"]
[Black "Reimann, Guenther"]
[Result "0-1"]
[WhiteElo "1585"]
[BlackElo "1768"]
[PlyCount "38"]
[EventDate "2014.??.??"]
[WhiteTeam "SK Schwabach 1907 e.V."]
[BlackTeam "SC Magstadt"]

1. d4 e6 2. c4 f5 3. Nc3 Nf6 4. e3 c6 5. Bd3 d5 6. Nf3 Bd6 7. Bd2 Ne4 8. Qc2
O-O 9. O-O Nd7 10. cxd5 exd5 11. Rad1 Qe8 12. Bc1 Ndf6 13. Ne2 Bd7 14. Ne1
Bxh2+ 15. Kxh2 Qh5+ 16. Kg1 Ng4 17. Nf3 Ng5 18. Rfe1 Nxf3+ 19. gxf3 Qh2+ 0-1